[Event "Thüringenliga 2013/2014"]
[Site "?"]
[Date "2014.04.13"]
[Round "9"]
[White "Siegemund, Joachim"]
[Black "Feld-Gerdes, Wolfgang"]
[Result "0-1"]
[WhiteElo "2009"]
[BlackElo "1997"]
[PlyCount "114"]
[EventDate "2014.??.??"]

1. Nf3 Nf6 2. c4 g6 3. Nc3 Bg7 4. e4 d6 5. d4 O-O 6. Bd3 Bg4 7. h3 Bxf3 8. Qxf3
Nc6 9. Be3 Nd7 10. d5 Nd4 11. Qd1 c5 12. Qd2 Ne5 13. Be2 Qa5 14. f4 Nd7 15. O-O
Rab8 16. Bd3 a6 17. Rac1 b5 18. b3 b4 19. Ne2 Nxe2+ 20. Qxe2 Qc7 21. g4 a5 22.
Kg2 Ra8 23. Bc2 Nb6 24. h4 a4 25. bxa4 Nxa4 26. Bxa4 Rxa4 27. f5 Ra3 28. h5
gxf5 29. gxf5 Kh8 30. Kh1 Rg8 31. Rg1 Qb8 32. Rg3 Be5 33. Rxg8+ Qxg8 34. Rg1
Qa8 35. Rg2 b3 36. axb3 Rxb3 37. h6 Rb1+ 38. Rg1 Rb2 39. Bd2 Qf8 40. Qg2 f6 41.
Rf1 Qf7 42. Ra1 Rb8 43. Qg7+ Qxg7 44. hxg7+ Kxg7 45. Rg1+ Kf7 46. Bh6 Rb4 47.
Rg7+ Ke8 48. Rg8+ Kd7 49. Ra8 Rxc4 50. Ra7+ Kd8 51. Ra8+ Kc7 52. Ra7+ Kb6 53.
Rxe7 Rxe4 54. Kg2 Rh4 55. Bf8 Rd4 56. Rxh7 Rxd5 57. Be7 c4 0-1

[Event "Thüringenliga 2013/2014"]
[Site "?"]
[Date "2014.04.13"]
[Round "9"]
[White "Koch, Stefan"]
[Black "Kalisch, Michael"]
[Result "0-1"]
[WhiteElo "1862"]
[BlackElo "1982"]
[PlyCount "96"]
[EventDate "2014.??.??"]

1. d4 Nf6 2. Nf3 g6 3. Bf4 Bg7 4. h3 O-O 5. e3 d6 6. Be2 c5 7. c3 Nc6 8. O-O b6
9. Nbd2 Bb7 10. Rb1 Rc8 11. Qa4 a6 12. dxc5 dxc5 13. Rfd1 b5 14. Qc2 Qb6 15. a4
c4 16. axb5 axb5 17. Ra1 Nd5 18. Nf1 Nxf4 19. exf4 Qc7 20. f5 Na5 21. Ra3 Nb3
22. fxg6 hxg6 23. N1d2 Nc5 24. Ne1 Rfd8 25. Bf3 Bxf3 26. Nexf3 Nd3 27. Rda1 Qf4
28. Nf1 e5 29. Qe2 e4 30. Nd4 Bxd4 31. cxd4 Rxd4 32. Ra8 Rdd8 33. Rxc8 Rxc8 34.
Ng3 Re8 35. Nf1 Qe5 36. Rb1 Qd4 37. Ne3 Ra8 38. h4 Ra2 39. Qg4 Qf6 40. Nd5
Qxf2+ 41. Kh2 Qd4 42. Ne7+ Kf8 43. Nxg6+ fxg6 44. Qxg6 Rxb2 45. Qf5+ Ke7 46.
Qh7+ Kd6 47. Rxb2 Qxb2 48. Qh6+ Kd5 0-1

[Event "Thüringenliga 2013/2014"]
[Site "?"]
[Date "2014.04.13"]
[Round "9"]
[White "Koksch, Robert"]
[Black "Fuhrmann, Christian"]
[Result "1-0"]
[WhiteElo "1938"]
[BlackElo "1798"]
[PlyCount "133"]
[EventDate "2014.??.??"]

1. d4 Nf6 2. c4 d5 3. Nc3 e6 4. Bg5 c6 5. e3 Nbd7 6. cxd5 exd5 7. Bd3 Be7 8.
Qc2 h6 9. Bh4 O-O 10. Nf3 Re8 11. O-O Ne4 12. Bxe7 Qxe7 13. a3 Ndf6 14. Rae1
Nxc3 15. Qxc3 Ne4 16. Qc2 Bd7 17. Ne5 Nf6 18. Rc1 Rac8 19. Qa4 a6 20. Qd1 Be6
21. b4 Nd7 22. Nf3 Bg4 23. h3 Bh5 24. Bf5 Rcd8 25. Bd3 Qf6 26. Be2 Bxf3 27.
Bxf3 Re7 28. Qb3 Nf8 29. Qd3 Rde8 30. Rc2 Ne6 31. Bg4 Ng5 32. Qf5 Qd6 33. Qd3
Ne4 34. Bf3 Ng5 35. Qd1 Qf6 36. Rc5 Nxf3+ 37. Qxf3 Qxf3 38. gxf3 f5 39. f4 g5
40. fxg5 hxg5 41. Kg2 Rh7 42. a4 Re6 43. b5 axb5 44. axb5 Rhh6 45. Ra1 Rhf6 46.
Ra7 Rf7 47. bxc6 bxc6 48. Rxf7 Kxf7 49. Rc3 Rg6 50. Kg3 Ke7 51. Rc1 Kd6 52. Ra1
Rh6 53. Ra8 f4+ 54. exf4 gxf4+ 55. Kg4 Rf6 56. h4 Ke7 57. f3 c5 58. Ra7+ Ke8
59. dxc5 Rc6 60. Ra5 Kf7 61. Kxf4 Rh6 62. Ke5 Rh5+ 63. Kd6 d4 64. Ra7+ Kf6 65.
c6 d3 66. Ra3 Rh8 67. c7 1-0

[Event "Thüringenliga 2013/2014"]
[Site "?"]
[Date "2014.04.13"]
[Round "9"]
[White "Will, Ralph"]
[Black "Kühn, Martin"]
[Result "0-1"]
[WhiteElo "1757"]
[BlackElo "1932"]
[PlyCount "167"]
[EventDate "2014.??.??"]

1. d4 d5 2. c4 Nc6 3. e3 e5 4. cxd5 Qxd5 5. Nc3 Bb4 6. Bd2 Bxc3 7. bxc3 Nf6 8.
c4 Qd6 9. d5 Ne7 10. Qb3 a5 11. Nf3 O-O 12. Bc3 Ng6 13. Rd1 Ne4 14. Be2 Bg4 15.
Qb2 Rfe8 16. h3 Bxf3 17. gxf3 Nxc3 18. Qxc3 Nh4 19. Rg1 f5 20. f4 g6 21. c5 Qf6
22. Kf1 Kg7 23. fxe5 Qxe5 24. Qc4 Qf6 25. d6 cxd6 26. cxd6 Rad8 27. Qc7+ Kh6
28. d7 Re6 29. Rg3 b6 30. Bb5 Re5 31. a4 Rc5 32. Qd6 Qxd6 33. Rxd6 f4 34. Rg4
Nf5 35. Rd3 fxe3 36. fxe3 Kg7 37. e4 Ne7 38. Ke2 Nc6 39. Bxc6 Rxc6 40. e5 Re6
41. Rd5 Kf7 42. Ke3 Ke7 43. Rgd4 Rc6 44. Ke4 Rc7 45. Rd6 Rcxd7 46. Rxd7+ Rxd7
47. Rc4 Rb7 48. Rc6 b5 49. axb5 Rxb5 50. Rc7+ Ke6 51. Rc6+ Kd7 52. Ra6 Rb3 53.
Ra7+ Ke6 54. Ra6+ Kf7 55. Rxa5 Rxh3 56. Ra7+ Ke6 57. Ra6+ Kd7 58. Kd5 Rd3+ 59.
Ke4 Rc3 60. Kd5 Rd3+ 61. Ke4 Rd1 62. Ra7+ Ke6 63. Ra6+ Ke7 64. Ra7+ Rd7 65. Ra6
Rb7 66. Rc6 Kf7 67. Kd5 h5 68. Rf6+ Kg7 69. Rf1 Rf7 70. Rc1 g5 71. Kd6 h4 72.
e6 Rf2 73. Rc7+ Kg6 74. Rc8 Rd2+ 75. Ke5 Re2+ 76. Kd6 h3 77. e7 g4 78. e8=Q+
Rxe8 79. Rxe8 h2 80. Ke6 h1=Q 81. Rg8+ Kh7 82. Rxg4 Qf3 83. Rd4 Kg6 84. Kd6 0-1

[Event "Thüringenliga 2013/2014"]
[Site "?"]
[Date "2014.04.13"]
[Round "9"]
[White "Kirste, Olaf"]
[Black "Müller, Bernd"]
[Result "1-0"]
[WhiteElo "1835"]
[BlackElo "1721"]
[PlyCount "59"]
[EventDate "2014.??.??"]

1. c4 f5 2. Nc3 Nf6 3. Nf3 e6 4. e3 Be7 5. Qc2 O-O 6. Be2 c6 7. O-O d5 8. d3
Bd7 9. e4 fxe4 10. dxe4 dxe4 11. Ng5 e5 12. Ncxe4 Nxe4 13. Nxe4 Bf5 14. Be3 Na6
15. a3 Nc5 16. Bf3 Qd3 17. Qxd3 Nxd3 18. b4 Nf4 19. Rfe1 Rfd8 20. Ng3 Bd3 21.
Bxf4 exf4 22. Rxe7 fxg3 23. Rxb7 gxh2+ 24. Kxh2 Bxc4 25. Re1 Rf8 26. Bxc6 Rac8
27. Ree7 Rf7 28. Rxf7 Bxf7 29. b5 a6 30. bxa6 1-0

[Event "Thüringenliga 2013/2014"]
[Site "?"]
[Date "2014.04.13"]
[Round "9"]
[White "Casper, Thomas"]
[Black "Darr, Sascha"]
[Result "1/2-1/2"]
[WhiteElo "2342"]
[BlackElo "2077"]
[PlyCount "33"]
[EventDate "2014.??.??"]
[WhiteTeam "Erfurter Schachklub"]
[BlackTeam "SV Jenapharm Jena"]

1. e4 e5 2. Bc4 Nf6 3. d3 Nc6 4. h3 Na5 5. Bb3 Nxb3 6. axb3 d5 7. Qf3 c6 8. Ne2
Be6 9. Ng3 Qd7 10. O-O Be7 11. Qe2 Qc7 12. f4 dxe4 13. dxe4 exf4 14. Bxf4 Bd6
15. Bxd6 Qxd6 16. Nf5 Qc5+ 17. Qf2 1/2-1/2

[Event "Thüringenliga 2013/2014"]
[Site "?"]
[Date "2014.04.13"]
[Round "9"]
[White "Middelhoff, Cornelius"]
[Black "Vökler, Bernd"]
[Result "1/2-1/2"]
[WhiteElo "2052"]
[BlackElo "2249"]
[PlyCount "40"]
[EventDate "2014.??.??"]
[WhiteTeam "SV Jenapharm Jena"]
[BlackTeam "Erfurter Schachklub"]

1. d4 Nf6 2. c4 d6 3. Nf3 g6 4. Nc3 Bg7 5. e4 O-O 6. Be2 e5 7. Be3 Ng4 8. Bg5
f6 9. Bc1 Nh6 10. O-O Nc6 11. d5 Ne7 12. Bd2 Nf7 13. b4 g5 14. Qb3 Ng6 15. Rfc1
g4 16. Ne1 f5 17. exf5 Bxf5 18. Nc2 Nf4 19. Ne3 Nxe2+ 20. Nxe2 Bd7 1/2-1/2

[Event "Thüringenliga 2013/2014"]
[Site "?"]
[Date "2014.04.13"]
[Round "9"]
[White "Mucha, Annegret"]
[Black "Troyke, Christian"]
[Result "0-1"]
[WhiteElo "1986"]
[BlackElo "2296"]
[PlyCount "58"]
[EventDate "2014.??.??"]
[WhiteTeam "SV Jenapharm Jena"]
[BlackTeam "Erfurter Schachklub"]

1. e4 c5 2. Nf3 g6 3. d4 cxd4 4. Qxd4 Nf6 5. Bg5 Nc6 6. Qe3 Bg7 7. Nc3 Qa5 8.
Bd3 h6 9. Bh4 g5 10. Bg3 Nh5 11. Qd2 d6 12. Nd5 Qxd2+ 13. Kxd2 Rb8 14. c3 Bd7
15. Rae1 Rc8 16. Ne3 Nxg3 17. hxg3 e6 18. Nc4 Ke7 19. Ke3 b5 20. Ncd2 b4 21.
Nd4 bxc3 22. bxc3 Ne5 23. Rc1 Rc7 24. N2b3 Rhc8 25. Kd2 a5 26. Rc2 a4 27. Nc1
d5 28. exd5 Nxd3 29. Nxd3 Bxd4 0-1

[Event "Thüringenliga 2013/2014"]
[Site "?"]
[Date "2014.04.13"]
[Round "9"]
[White "Steinacker, Alex"]
[Black "August, Daniel"]
[Result "1-0"]
[WhiteElo "2105"]
[BlackElo "1957"]
[PlyCount "97"]
[EventDate "2014.??.??"]
[WhiteTeam "Erfurter Schachklub"]
[BlackTeam "SV Jenapharm Jena"]

1. c4 d6 2. Nc3 e5 3. g3 Nc6 4. Bg2 g6 5. e3 Bg7 6. Nge2 Nge7 7. O-O O-O 8. Rb1
a5 9. a3 Be6 10. Nd5 Qd7 11. d3 Rae8 12. b4 axb4 13. axb4 Nd8 14. Qc2 c6 15.
Nb6 Qc7 16. Na4 Qd7 17. c5 d5 18. Nb6 Qc7 19. Nc3 Nc8 20. Nca4 f5 21. f4 Na7
22. Bb2 exf4 23. exf4 Nb5 24. Rfe1 Bf7 25. Bxg7 Kxg7 26. Nc3 Nxc3 27. Qxc3+ Kg8
28. Kf2 Ne6 29. Bxd5 Nxf4 30. Bxf7+ Kxf7 31. Qc4+ Ne6 32. Re2 Qd8 33. Rbe1 Qd4+
34. Kg2 Qxc4 35. Nxc4 Re7 36. Nd6+ Kf6 37. Nxb7 Rfe8 38. Nd6 Rb8 39. b5 cxb5
40. d4 f4 41. Kf2 fxg3+ 42. Kxg3 b4 43. d5 Nxc5 44. Rxe7 b3 45. h4 g5 46. hxg5+
Kxg5 47. Ne4+ Nxe4+ 48. R7xe4 b2 49. Rb1 1-0

[Event "Thüringenliga 2013/2014"]
[Site "?"]
[Date "2014.04.13"]
[Round "9"]
[White "Krabel, Stefan"]
[Black "Streltsyn, Grygoriy"]
[Result "1/2-1/2"]
[WhiteElo "1926"]
[BlackElo "2124"]
[PlyCount "33"]
[EventDate "2014.??.??"]
[WhiteTeam "SV Jenapharm Jena"]
[BlackTeam "Erfurter Schachklub"]

1. c4 Nf6 2. Nc3 c5 3. g3 g6 4. Bg2 Bg7 5. Nf3 Nc6 6. O-O O-O 7. d4 cxd4 8.
Nxd4 Qb6 9. Nc2 d6 10. b3 Qa5 11. Bd2 Qh5 12. e4 Bg4 13. f3 Bh3 14. g4 Qh4 15.
Be1 Qh6 16. Bd2 Qh4 17. Be1 1/2-1/2

[Event "Thüringenliga 2013/2014"]
[Site "?"]
[Date "2014.04.13"]
[Round "9"]
[White "Schneider, Thomas"]
[Black "Wolf, Isaak"]
[Result "1/2-1/2"]
[WhiteElo "1864"]
[BlackElo "1972"]
[PlyCount "71"]
[EventDate "2014.??.??"]
[WhiteTeam "Erfurter Schachklub"]
[BlackTeam "SV Jenapharm Jena"]

1. d4 f5 2. Bg5 g6 3. g3 Bg7 4. Bg2 Nf6 5. Nd2 d6 6. Ngf3 Nc6 7. O-O O-O 8. c4
Qe8 9. d5 Nd8 10. Nd4 e5 11. dxe6 Nxe6 12. Nxe6 Bxe6 13. Rb1 Rb8 14. a4 Bd7 15.
b3 Bc6 16. Bxf6 Bxf6 17. e3 Bxg2 18. Kxg2 Rd8 19. Nf3 Qe4 20. Qd5+ Qxd5 21.
cxd5 c5 22. dxc6 bxc6 23. Nd4 Bxd4 24. exd4 Rb8 25. Rfe1 Kf7 26. Re3 Rfe8 27.
Rxe8 Kxe8 28. Kf3 Rb4 29. Ke3 Kd7 30. Kd3 a5 31. Kc3 h5 32. Re1 Rb8 33. f4 Rb4
34. Re2 Rb8 35. Re1 Rb4 36. Re2 1/2-1/2

[Event "Thüringenliga 2013/2014"]
[Site "?"]
[Date "2014.04.13"]
[Round "9"]
[White "Koch, Herbert"]
[Black "Fischer, Dieter"]
[Result "1/2-1/2"]
[WhiteElo "1584"]
[BlackElo "1903"]
[PlyCount "34"]
[EventDate "2014.??.??"]
[WhiteTeam "SV Jenapharm Jena"]
[BlackTeam "Erfurter Schachklub"]

1. d4 d5 2. Nf3 Nf6 3. Bf4 c6 4. c3 h6 5. Nbd2 Bf5 6. Qb3 Qb6 7. h3 Nbd7 8. Ne5
e6 9. Nxd7 Nxd7 10. e3 Be7 11. Be2 O-O 12. O-O c5 13. dxc5 Bxc5 14. Qxb6 Bxb6
15. Nb3 Rac8 16. Bd6 Rfe8 17. Bb5 e5 1/2-1/2

[Event "Thüringenliga 2013/2014"]
[Site "?"]
[Date "2014.04.13"]
[Round "9"]
[White "Pähtz, Thomas"]
[Black "Wehner, Janis"]
[Result "1/2-1/2"]
[WhiteElo "2277"]
[BlackElo "2138"]
[PlyCount "90"]
[EventDate "2014.??.??"]
[WhiteTeam "Ilmenauer SV"]
[BlackTeam "SV Medizin Erfurt"]

1. e4 c5 2. Nf3 Nc6 3. d4 cxd4 4. Nxd4 g6 5. c4 Bg7 6. Be3 Nf6 7. Nc3 O-O 8.
Be2 d6 9. O-O Bd7 10. Qd2 Nxd4 11. Bxd4 Bc6 12. f3 a5 13. b3 Nd7 14. Be3 Nc5
15. Rab1 Be5 16. Rfd1 e6 17. Qe1 Qe7 18. Nb5 Rfd8 19. Nd4 Bd7 20. Bf1 f5 21.
exf5 gxf5 22. Nb5 Bxb5 23. Bxc5 dxc5 24. Qxe5 Bc6 25. Rd3 Rxd3 26. Bxd3 Qd7 27.
Rd1 Qd4+ 28. Qxd4 cxd4 29. f4 Kf7 30. Kf2 Kf6 31. Re1 b6 32. h3 h5 33. h4 Rc8
34. a4 Be8 35. Be2 Rc5 36. Rd1 e5 37. fxe5+ Kxe5 38. Bf3 Bf7 39. g3 Rc7 40.
Re1+ Kd6 41. Bd1 Re7 42. Rxe7 Kxe7 43. Kf3 Kf6 44. Kf4 Be8 45. Be2 Bf7 1/2-1/2

[Event "Thüringenliga 2013/2014"]
[Site "?"]
[Date "2014.04.13"]
[Round "9"]
[White "Hausknecht, Matthias"]
[Black "Zehnter, Sebastian"]
[Result "0-1"]
[WhiteElo "2137"]
[BlackElo "2199"]
[PlyCount "88"]
[EventDate "2014.??.??"]
[WhiteTeam "SV Medizin Erfurt"]
[BlackTeam "Ilmenauer SV"]

1. e4 c5 2. Nf3 e6 3. Nc3 a6 4. d4 cxd4 5. Nxd4 Qc7 6. g3 Nf6 7. Bg2 d6 8. O-O
Be7 9. Be3 Nbd7 10. Qe2 Ne5 11. a4 Bd7 12. h3 Rc8 13. Rad1 O-O 14. Kh1 Rfd8 15.
Bc1 Nc6 16. Qc4 Qb8 17. Nxc6 Bxc6 18. Qe2 Nd7 19. Be3 b5 20. axb5 axb5 21. Qd2
Nf6 22. Qd4 Qb7 23. f3 Nd7 24. Rf2 Nc5 25. Qd2 Na6 26. Ne2 e5 27. Nc3 Nb4 28.
Nd5 Bxd5 29. Qxb4 Bc6 30. Qa5 d5 31. exd5 Rxd5 32. Rxd5 Bxd5 33. Qa7 Qxa7 34.
Bxa7 f5 35. Rd2 Bc6 36. c3 Ra8 37. Bb6 Ra1+ 38. Kh2 Kf7 39. h4 Ke6 40. Bc7 Re1
41. Bb6 Bd6 42. Bf2 Rb1 43. f4 Bxg2 44. fxe5 Bf3 0-1

[Event "Thüringenliga 2013/2014"]
[Site "?"]
[Date "2014.04.13"]
[Round "9"]
[White "Mehlhorn, Uwe"]
[Black "Holzschuh, Stephan"]
[Result "1/2-1/2"]
[WhiteElo "2104"]
[BlackElo "2240"]
[PlyCount "46"]
[EventDate "2014.??.??"]
[WhiteTeam "Ilmenauer SV"]
[BlackTeam "SV Medizin Erfurt"]

1. g3 Nf6 2. Bg2 d5 3. d3 e5 4. Nd2 Be7 5. Ngf3 Nc6 6. e4 dxe4 7. dxe4 Be6 8.
Qe2 Nd7 9. Nc4 Bf6 10. O-O O-O 11. Rd1 Qe7 12. Ne3 Nd4 13. Nxd4 exd4 14. Ng4
Qc5 15. Nxf6+ Nxf6 16. h3 Rfe8 17. Qd2 Rad8 18. b4 Qb6 19. Bb2 c5 20. a4 a5 21.
b5 Bc4 22. Qf4 Qe6 23. Re1 b6 1/2-1/2

[Event "Thüringenliga 2013/2014"]
[Site "?"]
[Date "2014.04.13"]
[Round "9"]
[White "Kirschbaum, Gunnar"]
[Black "Sukaylo, Aleksey"]
[Result "1-0"]
[WhiteElo "2069"]
[BlackElo "2006"]
[PlyCount "65"]
[EventDate "2014.??.??"]
[WhiteTeam "SV Medizin Erfurt"]
[BlackTeam "Ilmenauer SV"]

1. d4 Nf6 2. Nf3 d5 3. c4 e6 4. Nc3 c6 5. cxd5 exd5 6. Bg5 Be7 7. Qc2 O-O 8. e3
Nbd7 9. Bd3 Re8 10. O-O Nf8 11. Rab1 a5 12. a3 Ng6 13. b4 axb4 14. axb4 Ne4 15.
Bxe7 Qxe7 16. Bxe4 dxe4 17. Nd2 f5 18. b5 Nh4 19. Ne2 Be6 20. bxc6 Ra2 21. Rb2
Rxb2 22. Qxb2 bxc6 23. Qb6 Bd5 24. Ra1 Qg5 25. Nf4 Nf3+ 26. Nxf3 exf3 27. g3
Be4 28. Ra7 Kh8 29. Qc7 Rg8 30. h3 Qf6 31. Kh2 Qf8 32. Ne6 Qb4 33. Ra8 1-0

[Event "Thüringenliga 2013/2014"]
[Site "?"]
[Date "2014.04.13"]
[Round "9"]
[White "Rempel, Patrick"]
[Black "Nguyen, Huy Dat"]
[Result "1/2-1/2"]
[WhiteElo "2035"]
[BlackElo "2030"]
[PlyCount "87"]
[EventDate "2014.??.??"]
[WhiteTeam "Ilmenauer SV"]
[BlackTeam "SV Medizin Erfurt"]

1. e4 c5 2. Nf3 Nc6 3. Bb5 g6 4. O-O Bg7 5. Re1 Nf6 6. Nc3 O-O 7. d4 cxd4 8.
Nxd4 Nxd4 9. Qxd4 d6 10. Bg5 Be6 11. Qd2 Rc8 12. h3 Qa5 13. Bf1 Rc5 14. Be3
Rxc3 15. Bd4 Ra3 16. b4 Qc7 17. c4 Bxc4 18. Qc1 Ra6 19. Qxc4 Rc6 20. Qb3 Nd7
21. Bxg7 Kxg7 22. Bb5 Rc3 23. Qb2 Nf6 24. Ba4 Rc8 25. Rad1 Kg8 26. Bb3 Nh5 27.
Qd2 Nf6 28. Qf4 Rf8 29. Qh4 Kg7 30. Kh1 Ng8 31. Qf4 Nf6 32. Re2 Nd7 33. Qd2 Kg8
34. Qd4 a6 35. e5 Nxe5 36. f4 Rxb3 37. axb3 Nc6 38. Qc3 Qb6 39. Re4 Qb5 40. Qd2
Rd8 41. Re2 e6 42. g4 Qxb4 43. Qe3 Qc5 44. Qg3 1/2-1/2

[Event "Thüringenliga 2013/2014"]
[Site "?"]
[Date "2014.04.13"]
[Round "9"]
[White "Reichel, Norbert"]
[Black "Töpfer, Albrecht"]
[Result "1/2-1/2"]
[WhiteElo "2053"]
[BlackElo "1964"]
[PlyCount "38"]
[EventDate "2014.??.??"]
[WhiteTeam "SV Medizin Erfurt"]
[BlackTeam "Ilmenauer SV"]

1. c4 Nf6 2. Nc3 g6 3. e4 d6 4. g3 Bg7 5. Bg2 O-O 6. Nge2 c5 7. d3 Nc6 8. O-O
a6 9. a3 Ne8 10. Rb1 Nc7 11. b4 Ne6 12. b5 Ncd4 13. Nxd4 Nxd4 14. Ne2 axb5 15.
Nxd4 Bxd4 16. Rxb5 Qc7 17. Qb3 Ra7 18. Bh6 Re8 19. Rb1 e5 1/2-1/2

[Event "Thüringenliga 2013/2014"]
[Site "?"]
[Date "2014.04.13"]
[Round "9"]
[White "Falk, Kristoffer"]
[Black "Müller-Ludwig, Kristin"]
[Result "0-1"]
[WhiteElo "1841"]
[BlackElo "2047"]
[PlyCount "48"]
[EventDate "2014.??.??"]
[WhiteTeam "Ilmenauer SV"]
[BlackTeam "SV Medizin Erfurt"]

1. d4 Nf6 2. Nf3 g6 3. g3 Bg7 4. Bg2 O-O 5. O-O d6 6. c4 Nbd7 7. Nc3 e5 8. e4
exd4 9. Nxd4 Re8 10. h3 a6 11. Rb1 Rb8 12. Kh2 c5 13. Nc2 b5 14. Qxd6 b4 15.
Na4 Nxe4 16. Qd3 Bb7 17. Be3 Qe7 18. Rbe1 Bc6 19. Qb3 Qf6 20. h4 Ne5 21. Bxe4
Bxe4 22. Bxc5 Nf3+ 23. Kh3 Nxe1 24. Rxe1 Qf5+ 0-1

[Event "Thüringenliga 2013/2014"]
[Site "?"]
[Date "2014.04.13"]
[Round "9"]
[White "Jakob, Matthias"]
[Black "Leuner, Klaus"]
[Result "1-0"]
[WhiteElo "1908"]
[BlackElo "1875"]
[PlyCount "63"]
[EventDate "2014.??.??"]
[WhiteTeam "SV Medizin Erfurt"]
[BlackTeam "Ilmenauer SV"]

1. d4 d5 2. Nf3 Nf6 3. e3 Bg4 4. c4 e6 5. Qb3 Qc8 6. Ne5 Bf5 7. Nc3 c6 8. Bd2
Bd6 9. f4 O-O 10. Be2 Bxe5 11. fxe5 Ne4 12. Nxe4 Bxe4 13. O-O dxc4 14. Qxc4 Nd7
15. Bb4 Nb6 16. Qb3 Re8 17. Rf4 Bg6 18. e4 Qd7 19. Qe3 Rad8 20. Rd1 Qc8 21. h4
h6 22. h5 Bh7 23. Rg4 Kh8 24. Qf2 Rd7 25. Rxg7 Kxg7 26. Qf6+ Kg8 27. Rd3 Qd8
28. Rg3+ Bg6 29. Qf4 Kg7 30. hxg6 fxg6 31. Bh5 g5 32. Qf6+ 1-0

[Event "Thüringenliga 2013/2014"]
[Site "?"]
[Date "2014.04.13"]
[Round "9"]
[White "Philipp, Michael"]
[Black "Kottwitz, Daniel"]
[Result "1-0"]
[WhiteElo "1963"]
[BlackElo "1913"]
[PlyCount "55"]
[EventDate "2014.??.??"]

1. f4 d5 2. Nf3 c5 3. g3 Nf6 4. Bg2 g6 5. O-O Bg7 6. d3 O-O 7. c3 Nc6 8. Nbd2
Qc7 9. Qc2 b6 10. e4 e6 11. Re1 Bb7 12. e5 Nd7 13. Nf1 Rac8 14. g4 Rfd8 15. g5
Ndb8 16. Ne3 Ne7 17. Ng4 Nf5 18. Nf6+ Bxf6 19. gxf6 d4 20. c4 Bc6 21. Qf2 Qd7
22. Nh4 Nxh4 23. Qxh4 Qe8 24. Rf1 Qf8 25. f5 Bxg2 26. fxg6 fxg6 27. f7+ Kh8 28.
Bh6 {ZÜ} 1-0

[Event "Thüringenliga 2013/2014"]
[Site "?"]
[Date "2014.04.13"]
[Round "9"]
[White "Watzke, Birger"]
[Black "Albrecht, Jürgen"]
[Result "1-0"]
[WhiteElo "2146"]
[BlackElo "2114"]
[PlyCount "74"]
[EventDate "2014.??.??"]

1. c4 e5 2. g3 Nc6 3. Bg2 Nf6 4. d3 g6 5. Nc3 Bg7 6. e3 O-O 7. Nge2 d6 8. O-O
Be6 9. Nd5 Qd7 10. Bh1 Ne8 11. Rb1 Nd8 12. b4 c6 13. Ndc3 f5 14. b5 f4 15. bxc6
bxc6 16. exf4 exf4 17. Bxf4 Rxf4 18. gxf4 Bh3 19. Re1 Nc7 20. Qd2 Qg4+ 21. Ng3
Nce6 22. Re4 Nd4 23. Qe3 Nf5 24. Qe1 Bd4 25. Nce2 Bb6 26. d4 Nh4 27. Rb3 Qd7
28. Rbe3 Nf7 29. Re7 Qc8 30. Ne4 Qf5 31. Rxf7 Qxf7 32. Rxh3 Nf5 33. c5 dxc5 34.
dxc5 Bc7 35. Qc3 h6 36. Nf6+ Kg7 37. Ne4+ Kh7 1-0

[Event "Thüringenliga 2013/2014"]
[Site "?"]
[Date "2014.04.13"]
[Round "9"]
[White "Mysliwiec, Jörg"]
[Black "Frommelt, Hans-Jürgen"]
[Result "0-1"]
[WhiteElo "2059"]
[BlackElo "1951"]
[PlyCount "102"]
[EventDate "2014.??.??"]

1. b3 e5 2. Bb2 d6 3. g3 Nf6 4. Bg2 g6 5. d4 exd4 6. Qxd4 Bg7 7. c4 O-O 8. Nc3
Nc6 9. Qd2 Re8 10. Nh3 Bf5 11. Nf4 Ne4 12. Nxe4 Bxe4 13. f3 Bf5 14. O-O Ne5 15.
Rad1 Qc8 16. Nd5 c6 17. Nf4 Rd8 18. Kh1 Be6 19. e4 f6 20. Rc1 a5 21. Ne2 a4 22.
Bd4 Qc7 23. f4 Nd7 24. Nc3 axb3 25. axb3 Ra3 26. Qb2 Rda8 27. Na4 R3xa4 28.
bxa4 Rxa4 29. Qe2 c5 30. f5 Bf7 31. fxg6 hxg6 32. Ba1 Nb6 33. Qg4 Nxc4 34. Bxf6
Ne3 35. Qg5 Nxg2 36. Bxg7 Kxg7 37. Kxg2 Rxe4 38. Rcd1 Re6 39. h4 c4 40. h5 Re2+
41. Kh3 Qd7+ 42. g4 Qe6 43. Rf3 Re5 44. h6+ Kh7 45. Qf4 Be8 46. Rb1 b5 47. Ra1
Qe7 48. Rfa3 g5 49. Qf2 Kxh6 50. Kg3 Bc6 51. Ra7 Re3+ 0-1

[Event "Thüringenliga 2013/2014"]
[Site "?"]
[Date "2014.04.13"]
[Round "9"]
[White "Streit, Michael"]
[Black "Günther, Andreas"]
[Result "1-0"]
[WhiteElo "1911"]
[BlackElo "2084"]
[PlyCount "99"]
[EventDate "2014.??.??"]

1. e4 d5 2. exd5 Qxd5 3. Nc3 Qa5 4. d4 Nf6 5. Bd2 Bg4 6. Be2 Bxe2 7. Qxe2 Qb6
8. Nf3 e6 9. d5 Bb4 10. dxe6 Qxe6 11. Qxe6+ fxe6 12. O-O-O O-O 13. Rhe1 Re8 14.
Re2 Nc6 15. Rde1 Bxc3 16. Bxc3 Nd5 17. Bd2 h6 18. Rxe6 Rxe6 19. Rxe6 Kf7 20.
Re4 Re8 21. Rxe8 Kxe8 22. a3 Kd7 23. c4 Nf6 24. Kc2 h5 25. h3 a6 26. Kd3 Ke6
27. Ng5+ Kf5 28. f4 Ne7 29. g3 g6 30. Ke3 Nc8 31. Bc3 Nb6 32. b3 Nbd7 33. Bd4
c6 34. Kf3 b5 35. c5 Nf8 36. b4 N8d7 37. Bc3 Nf8 38. Bxf6 Kxf6 39. Ke4 Nd7 40.
Nf3 a5 41. Nd4 axb4 42. axb4 Nb8 43. g4 hxg4 44. hxg4 Ke7 45. g5 Kf7 46. Ke5
Ke7 47. f5 gxf5 48. Kxf5 Kf7 49. g6+ Kg7 50. Kg5 1-0

[Event "Thüringenliga 2013/2014"]
[Site "?"]
[Date "2014.04.13"]
[Round "9"]
[White "Stiefel, Roland"]
[Black "Streit, Jürgen"]
[Result "1-0"]
[WhiteElo "1949"]
[BlackElo "1730"]
[PlyCount "59"]
[EventDate "2014.??.??"]

1. d4 Nf6 2. Bf4 d5 3. e3 e6 4. Nd2 Be7 5. Bd3 O-O 6. h3 c5 7. c3 Qb6 8. Rb1
Nc6 9. Ngf3 Bd7 10. O-O cxd4 11. exd4 Rac8 12. Qe2 Nb8 13. Ne5 Bc6 14. Ndf3
Nbd7 15. Nxd7 Bxd7 16. Bg5 h6 17. Bh4 Bc6 18. g4 g5 19. Bg3 Rce8 20. Nd2 Qd8
21. f4 Qc7 22. Rf3 Bd6 23. fxg5 Bxg3 24. gxf6 Bf4 25. Qf2 Bg5 26. h4 e5 27.
hxg5 e4 28. Rh3 exd3 29. Rxh6 Re2 30. Qh4 1-0

[Event "Thüringenliga 2013/2014"]
[Site "?"]
[Date "2014.04.13"]
[Round "9"]
[White "Riedel, Finn"]
[Black "Schaudin, Andreas"]
[Result "1-0"]
[WhiteElo "1981"]
[BlackElo "1650"]
[PlyCount "83"]
[EventDate "2014.??.??"]

1. e4 b6 2. d4 Bb7 3. Nc3 e6 4. a3 h6 5. Nf3 Nf6 6. Bd3 d5 7. e5 Nfd7 8. Ne2 c5
9. c3 Bc6 10. O-O a5 11. g4 c4 12. Bc2 a4 13. Nf4 b5 14. g5 Be7 15. g6 Nf8 16.
gxf7+ Kxf7 17. Ne1 Ke8 18. Qg4 g5 19. Nxe6 Nxe6 20. Qxe6 Qd7 21. Qg6+ Kd8 22.
Ng2 Ra6 23. f4 gxf4 24. Bxf4 Qe8 25. e6 Rb6 26. Be5 Na6 27. Bxh8 Qxh8 28. Rf7
Be8 29. Rh7 Bxg6 30. Rxh8+ Be8 31. Bg6 Nc7 32. Bxe8 Nxe8 33. Re1 Bg5 34. Rh7
Rd6 35. h4 Be7 36. Rxh6 Nf6 37. Rh8+ Kc7 38. Nf4 Ne4 39. Rh7 Kd8 40. Ng6 Bf6
41. Nf4 Ke8 42. Nxd5 1-0

[Event "Thüringenliga 2013/2014"]
[Site "?"]
[Date "2014.04.13"]
[Round "9"]
[White "Siebarth, Raiko"]
[Black "Neidig, Stefan"]
[Result "1/2-1/2"]
[WhiteElo "2249"]
[BlackElo "2169"]
[PlyCount "23"]
[EventDate "2014.??.??"]

1. d4 Nf6 2. g3 e6 3. Bg2 c5 4. e3 Nc6 5. Ne2 d5 6. O-O Bd7 7. b3 Rc8 8. Bb2
Be7 9. Nd2 cxd4 10. Nxd4 O-O 11. Rc1 Nb4 12. c4 1/2-1/2

[Event "Thüringenliga 2013/2014"]
[Site "?"]
[Date "2014.04.13"]
[Round "9"]
[White "Rohmeiß, Roberto"]
[Black "Schneider, Christian"]
[Result "1/2-1/2"]
[WhiteElo "2023"]
[BlackElo "2179"]
[PlyCount "56"]
[EventDate "2014.??.??"]

1. d4 Nf6 2. c4 e6 3. Nc3 Bb4 4. Qc2 d5 5. e3 O-O 6. Nf3 b6 7. a3 Bxc3+ 8. bxc3
a5 9. cxd5 exd5 10. Bd3 Ba6 11. O-O Bxd3 12. Qxd3 a4 13. c4 Nc6 14. cxd5 Qxd5
15. Bd2 Na5 16. Bxa5 Rxa5 17. Rfc1 c5 18. Rab1 cxd4 19. Qxd4 Qxd4 20. Nxd4 Rc5
21. Rxc5 bxc5 22. Nc6 Ra8 23. Rb5 Ne4 24. f3 Nc3 25. Rxc5 Nb1 26. Ne7+ Kf8 27.
Rc8+ Rxc8 28. Nxc8 Nxa3 1/2-1/2